| 000 | 00801nam a2200193Ia 4500 | ||
|---|---|---|---|
| 003 | GCL | ||
| 008 | 140319s9999 xx 000 0 ara d | ||
| 040 |
_aGCL / _cGCL |
||
| 082 | 0 | 4 |
_a940.18 _bس ح |
| 100 | 1 | _aسهير محمد نعينع | |
| 245 | 1 | 0 |
_aالحروب الصليبية المتأخرة : _bحملة بطرس الأول لوسنيان على الاسكندرية 747 هـ 1365 م / _cسهير محمد نعينع |
| 250 | _aالاولى | ||
| 260 |
_aالقاهرة : _bعين للدراسات والبحوث الانسانية والاجتماعية ، _c2002 |
||
| 300 |
_a259 ص ؛ _c24 سم |
||
| 650 | 0 | 4 | _aالحروب الصليبية |
| 650 | 0 | 4 | _aالحروب الصليبية فى مصر |
| 650 | 0 | 4 | _aاوربا - تاريخ - العصور الوسطى |
| 942 |
_2ddc _cBK |
||
| 999 |
_c6307 _d6307 |
||